000 00386 a2200121 4500
001 ART_11764
005 20260410161900.0
008 260409a
245 1 0 _aAmenities and property values in a model of an urban area
100 1 _aPolinsky, A. Mitchell
700 1 _aShavell, Steven
773 0 _tJournal of public economics
_g- Vol. 9, NÂș 1 (feb. 1978)
_wREV11485
999 _c25810
_d25810